Un día en la vida
Gardado en:
| Autor Principal: | |
|---|---|
| Formato: | Desconocido |
| Idioma: | Spanish |
| Publicado: |
San José, Costa Rica
EDUCA
1982
|
| Edición: | 2. edición |
| Series: | Colección Séptimo Día
|
| Materias: | |
| Etiquetas: |
Engadir etiqueta
Sen Etiquetas, Sexa o primeiro en etiquetar este rexistro!
|
MARC
| LEADER | 000000000a22000000004500 | ||
|---|---|---|---|
| 001 | 000153 | ||
| 007 | ta | ||
| 008 | 140429s1982 es |||g |||| 000 f spa d | ||
| 020 | |a 8483602326 | ||
| 041 | 0 | |a español | |
| 082 | |a Es863.4 A694u2 | ||
| 100 | 1 | |a Argueta Cañas, Manlio |d 1935- | |
| 245 | 1 | 3 | |a Un día en la vida |c Manlio Argueta |
| 250 | |a 2. edición | ||
| 260 | |a San José, Costa Rica |b EDUCA |c 1982 | ||
| 300 | |a 199 páginas | ||
| 490 | 0 | |a Colección Séptimo Día | |
| 500 | |a Número de inscripción 00007 | ||
| 650 | 4 | |a LITERATURA SALVADOREÑA |v NOVELA | |
| 942 | |2 ddc |c BK | ||
| 999 | |c 987 |d 987 | ||



